000 00782nam a22002417a 4500
001 0011403
003 DO-SdBNP
005 20180206142548.0
007 0011403
008 160914b 2008 mx||||| |||| 00| 0 spa d
020 _a9789705802706
040 _aBPMSU
_bspa
_cBPMSU
100 1 _aRodríguez, Maribel
245 1 _aVivir diadevis con diabetes /
_cMaribel rodríguez, Cecilia Tirado ; prólogo Gaby Vargas ; ilustraciones Marilyn Rodríguez.
260 _aMéxico :
_bSantillana Ediciones Generales :
_b Aguilar,
_c2008.
300 _a165 p. :
_bil.,
_c23 cm.
700 1 _aTirado, Cecilia
700 1 2 _aVargas, Gaby,
_epról.
700 1 2 _aRodríguez, Marilyn,
_eil.
942 _2ddc
_cBK
945 _aInventariado, 2018 /LP
956 _aBTAVÁREZ
_b10
_c20161409
_d0011403
999 _c11383
_d11383